000
00337 a2200157 4500
001
182156
020
_a
978-85-60281-27-5
040
_c
Magnum
100
_a
Ribeiro, João Ubaldo
240
1
0
_a
Sargento Getúlio
_l
por
245
1
0
_a
Sargento Getúlio
300
_a
163
362
0
_a
2007
697
_a
LITERATURA GERAL
942
_c
BK
999
_c
182156
_d
182156